Normal view
MARC view
- DME TEXTBOOK. VECTOR MECHANICS FOR ENGINEERS: STATIC DYNAMICS
Entry Topical Term
001 - CONTROL NUMBER
- control field: 111598
003 - CONTROL NUMBER IDENTIFIER
- control field: NUST
005 - DATE AND TIME OF LATEST TRANSACTION
- control field: 20230330120040.0
008 - FIXED-LENGTH DATA ELEMENTS
- fixed length control field: 230330|| aca||aabn | a|a d
040 ## - CATALOGING SOURCE
- Original cataloging agency: NUST
- Transcribing agency: NUST
150 ## - HEADING--TOPICAL TERM
- Topical term or geographic name entry element: DME TEXTBOOK. VECTOR MECHANICS FOR ENGINEERS: STATIC DYNAMICS
670 ## - SOURCE DATA FOUND
- Source citation: Work cat.: (NUST): Beer, Ferdinand P. , Vector Mechanics for Engineers: , 2015
